Bilecik Bilecik Bilecik Bilecik Bilecik

Ulu Arif Çelebi'nin Farsça divanı ve Türkçe çevirisi/ (Record no. 61882)

MARC details
000 -BAŞLIK
Sabit Uzunluktaki Kontrol Alanı 01352nam a22003617a 4500
001 - KONTROL NUMARASI
Control Dosyası 0062086
003 - KONTROL NUMARASI KİMLİĞİ
Kontrol Alanı KOHA_MİRAKIL
005 - EN SON İŞLEM TARİHİ ve ZAMANI
Kontrol Alanı 20260207004359.0
007 - FİZİKSEL TANIM SABİT ALAN - GENEL BİLGİ
Sabit uzunluklu kontrol alanı ta
008 - SABİT UZUNLUKTAKİ VERİ ÖGELERİ - GENEL BİLGİ
Sabit Alan 180309b2017 tu |||gr||||#||||1|tur |
020 ## - ISBN - ULUSLARARASI STANDART KİTAP NUMARASI
Isbn 9789751634429
040 ## - KATALOGLAMA KAYNAĞI
Özgün Kataloglama Kurumu TR-BiSEU
Kataloglama Dili tur
Çeviri Kurumu TR-BiSEU
Açıklama Kuralları rda
041 0# - DİL KODU
Metin ya da ses kaydının dil kodu tur
044 ## - YAYINLAYAN/ÜRETEN KURULUŞUN ÜLKE KODU
ISO country code ttu
050 ## - SINIFLAMA ve YER NUMARASI
Sınıflama Numarası PL252.C35
Yer Numarası D44 2017
100 1# - KİŞİ ADI
Yazar Adı (Kişi adı) Değirmençay, Veyis.
245 1# - ESER ADI BİLDİRİMİ
Başlık Ulu Arif Çelebi'nin Farsça divanı ve Türkçe çevirisi/
Sorumluluk Bildirimi Veyis Değirmençay ; Veysi Değirmençay.
264 #1 - ÜRERİM, YAYIN, DAĞITIM ve TELİF BİLDİRİMİ
Yayın yeri Ankara :
Yayınlayan Atatürk Kültür, Dil ve Tarih Yüksek Kurumu Atatürk Kültür Merkezi Başkanlığı
Yayın tarihi 2017
300 ## - FİZİKSEL TANIMLAMA
Sayfa, Cilt vb. 379 sayfa; 25 cm.
336 ## - İÇERİK TÜRÜ
Content type term metin
Content type code txt
Source rdacontent
337 ## - MEDYA TÜRÜ
Media type term aracısız
Media type code n
Source rdamedia
338 ## - TAŞIYICI TÜRÜ
Carrier type term cilt
Carrier type code nc
Source rdacarrier
490 1# - DİZİ BİLDİRİMİ
Dizi Bildirimi Atatürk Kültür , Dil ve Tarih Yüksek Kurumu Atatürk Kültür Merkezi Yayını ;
Cilt Numarası 489.
490 1# - DİZİ BİLDİRİMİ
Dizi Bildirimi Araştırma-İnceleme ;
Cilt Numarası 140.
650 #0 - KONU BAŞLIĞI EK GİRİŞ - KONU TERİMİ
Konusal terim veya coğrafi ad Ârif Çelebi-- Hayatı.
9 (RLIN) 115133
650 #0 - KONU BAŞLIĞI EK GİRİŞ - KONU TERİMİ
Konusal terim veya coğrafi ad Edebi Kişiliği--Eserleri.
9 (RLIN) 115134
650 #0 - KONU BAŞLIĞI EK GİRİŞ - KONU TERİMİ
Konusal terim veya coğrafi ad Kasideler--Gazeller.
9 (RLIN) 115135
650 #0 - KONU BAŞLIĞI EK GİRİŞ - KONU TERİMİ
Konusal terim veya coğrafi ad Rubailer--Kıta.
9 (RLIN) 115136
650 #0 - KONU BAŞLIĞI EK GİRİŞ - KONU TERİMİ
Konusal terim veya coğrafi ad Müfretler.
9 (RLIN) 115137
830 1# - SERİ EK GİRİŞİ - TEKBİÇİM ESER ADI
Tekbiçim Başlık Atatürk Kültür , Dil ve Tarih Yüksek Kurumu Atatürk Kültür Merkezi Yayını ;
Volume number/sequential designation 489.
9 (RLIN) 115116
830 1# - SERİ EK GİRİŞİ - TEKBİÇİM ESER ADI
Tekbiçim Başlık Araştırma-İnceleme ;
Volume number/sequential designation 140.
9 (RLIN) 6252
942 ## - EK GİRİŞ ÖGELERİ (KOHA)
Source of classification or shelving scheme Library of Congress Classification
Koha item type Book
Holdings
Materyal Türü Kalıcı Konum Mevcut Konum Raf Yeri Sınıflandırma Kaynağı Edinim Bilgisi Ana Konular Alt Konular Yer Numarası Demirbaş Numarası Fatura Tarihi Geri Çekilme Durumu Kayıp Durumu Hasarlı Durumu Kredi için değil Kayıt Tarih Toplam Ödünçverme Son Görülme Tarihi Son Kontrol Tarihi Genel / Bağış Notu
Book Prof. Dr. Azmi Özcan Kütüphanesi Prof. Dr. Azmi Özcan Kütüphanesi Birûni Salonu Library of Congress Classification Bağış DİL VE EDEBİYAT Doğu Asya, Afrika, Okyanusya Dilleri ve Edebiyatları PL252.C35 D44 2017 0062086 02/02/2026         09/03/2018   15/01/2026 15/01/2026 Genel Bağış